Slovenia Immigration by Country - Statistics

General Stats
  • This quiz has been taken 918 times
  • The average score is 17 of 20
Answer Stats
# People Country % Correct
9,948 Croatia
96%
2,914 Italy
96%
81,741 Bosnia and Herzegovina
95%
16,897 Serbia
95%
1,045 Germany
94%
697 United Kingdom
94%
541 Austria
93%
657 Hungary
90%
430 Romania
87%
3,730 Russia
86%
23,806 Kosovo
85%
3,148 Bulgaria
83%
14,077 North Macedonia
83%
2,434 Ukraine
83%
425 United States
82%
963 Montenegro
80%
472 Slovakia
79%
457 Turkey
78%
1,294 China
73%
343 Thailand
21%
No matching quizzes found
Score Distribution
Percent of People with Each Score
Percentile by Number Answered
Your Score History
You have not taken this quiz